Alle Spieler von Schalke 04 seit 00/01 - Statistiken

Allgemein
  • Dieses Quiz wurde 132 mal gespielt
  • Das Durchschnittsergebnis liegt bei 105 aus 318
Antwortstatistiken
FC Schalke 04 % Korrekt
Klaas-Jan Huntelaar
92%
Raul
92%
Manuel Neuer
90%
Leroy Sane
83%
Salif Sane
83%
Sidi Sane
83%
Pape Meissa Ba
81%
Ralf Fährmann
80%
Gerald Asamoah
78%
Benedikt Höwedes
77%
Frank Rost
77%
Jefferson Farfan
77%
Marcelo Bordon
77%
Max Meyer
77%
Julian Draxler
75%
Leon Goretzka
75%
Kevin Kuranyi
73%
Naldo
72%
Mesut Özil
71%
Ebbe Sand
70%
Sebastian Rudy
70%
Joey Müller
69%
Marius Müller
69%
Alexander Nübel
65%
Kenan Karaman
65%
Loris Karius
65%
Sepp Van den Berg
65%
Halil Altintop
64%
Hamit Altintop
64%
Moussa Sylla
63%
Timo Becker
63%
Vitalie Becker
63%
Christian Pander
60%
Heiko Westermann
60%
Mladen Krstajic
60%
Franco Di Santo
59%
Guido Burgstaller
59%
Kaan Ayhan
59%
Mertcan Ayhan
59%
Felipe Santana
58%
Jermaine Jones
58%
Atsuto Uchida
57%
Lewis Holtby
57%
Nabil Bentaleb
57%
Simon Terodde
57%
Mauro Zalazar
55%
Rodrigo Zalazar
55%
Fabian Ernst
54%
Lincoln
54%
Sead Kolasinac
54%
Ailton
53%
Amine Harit
53%
Christoph Metzelder
53%
Ivan Rakitic
53%
Levan Kobiashvili
53%
Sidney Sam
53%
Breel Embolo
52%
Emile Mpenza
52%
Felipe Sanchez
52%
Ron Schallenberg
52%
Sören Larsen
52%
Vicente Sanchez
52%
Daniel Caligiuri
51%
Jörg Böhme
51%
Lars Unnerstall
51%
Henning Matriciani
49%
Marius Bülter
49%
Matthew Hoppe
49%
Nikola Katic
49%
Roman Neustädter
49%
Timo Hildebrand
49%
Hasan Kurucay
48%
Justin Heekeren
48%
Mark Uth
48%
Soufiane El-Faouzi
48%
Weston McKennie
48%
Yevgen Konoplyanka
48%
Kevin-Prince Boateng
47%
Rafinha
47%
Benjamin Stambouli
46%
Chinedu Obasi
46%
Christian Fuchs
46%
Edu
46%
Joel Matip
46%
Jose Manuel Jurado
46%
Ko Itakura
46%
Matija Nastasic
46%
Timon Wellenreuther
46%
Adrian Gantenbein
45%
Marcin Kaminski
45%
Michael Langer
45%
Alexander Schwolow
43%
Marc Wilmots
43%
Andreas Möller
42%
Kyriakos Papadopoulos
42%
Mehmet Aydin
42%
Albert Streit
41%
Angelos Charisteas
41%
Olaf Thon
41%
Oliver Reck
41%
Paul Seguin
41%
Ron-Thorben Hoffmann
41%
Thomas Ouwejan
41%
Bryan Lasme
40%
Frederik Rönnow
40%
Malick Thiaw
40%
Mike Hanke
40%
Suat Serdar
40%
Teemu Pukki
39%
Thilo Kehrer
39%
Adam Szalai
37%
Ahmed Kutucu
37%
Alexander Baumjohann
37%
Assan Ouedraogo
37%
Benito Raman
37%
Christian Poulsen
37%
Johannes Geis
37%
Mathias Schober
37%
Michael Büskens
37%
Orlando Engelaar
37%
Vedad Ibisevic
37%
Alex Kral
36%
Christian Gomis
36%
Max Grüger
36%
Omar Mascarell
36%
Ozan Kabak
36%
Rabbi Matondo
36%
Tomas Kalas
36%
Dominick Drexler
35%
Emil Hojlund
35%
Eric-Maxim Choupo-Moting
35%
Janik Bachmann
35%
Jonas Hofmann
35%
Lukas Schmitz
35%
Markus Schubert
35%
Martin Fraisl
35%
Michel Bastos
35%
Nassim Boujellab
35%
Peter Remmert
35%
Shkodran Mustafi
35%
Alessandro Schöpf
34%
Amin Younes
34%
Fabian Reese
34%
Finn Porath
34%
Ibrahim Afellay
34%
Jonjoe Kenny
34%
Philipp Max
34%
Tranquillo Barnetta
34%
Ali Karimi
33%
Darko Churlinov
33%
Dennis Aogo
33%
Keke Topp
33%
Lino Tempelmann
33%
Maya Yoshida
33%
Taylan Bulut
33%
Youri Mulder
33%
Ze Roberto
33%
Zlatan Bajramovic
31%
Christopher Antwi-Adjei
30%
Dario Rodriguez
30%
Derry Murkin
30%
Hamza Mendyl
30%
Holger Badstuber
30%
Ibrahima Cisse
30%
Cedric Brunner
29%
Ciprian Marica
29%
Coke
29%
Michael Gregoritsch
29%
Raffael
29%
Tom Krauß
29%
Victor Agali
29%
Bastian Oczipka
28%
Blendi Idrizi
28%
Christoph Moritz
28%
Donis Avdijaj
28%
Haji Wright
28%
Hans Sarpei
28%
Juan Miranda
28%
Michael Frey
28%
Reinhold Ranftl
28%
Sebastian Boenisch
28%
Anton Donkor
27%
Gustavo Varela
27%
Jan Kirchhoff
27%
Jordan Larsson
27%
Levent Mercan
27%
Marco Höger
27%
Marko Pjaca
27%
Moritz Jenz
27%
Pierre-Michel Lasogga
27%
Sebastian Polter
27%
Sergio Escudero
27%
Tomasz Waldoch
27%
Can Bozdogan
25%
Carlos Grossmüller
25%
Danny Latza
25%
Felix Platte
25%
Florian Flick
25%
Junior Caicara
25%
Mika Wallentowitz
25%
Pierre-Emile Hojbjerg
25%
Tim Hoogland
25%
Anthony Annan
24%
Jiri Nemec
24%
Nico Van Kerckhoven
24%
Peer Kluge
24%
Tim Schmidt
24%
Tobias Mohr
24%
Tomasz Hajto
24%
Victor Palsson
24%
Cedric Teuchert
23%
Fabian Giefer
23%
Junmin Hao
23%
Marco Van Hoogdalem
23%
Sascha Riether
23%
Goncalo Paciencia
22%
Marvin Friedrich
22%
Peter Lovenkrands
22%
Yassin Ben Balla
22%
Marvin Pieringer
20%
Mathias Abel
20%
Jean-Clair Todibo
19%
Radoslav Latal
19%
Soichiro Kozuki
19%
Timo Baumgartl
19%
Yves Eigenrauch
19%
Zaid Tchibara
19%
Abdul Rahman Baba
18%
Eder Balanta
18%
Eduard Glieder
18%
Martin Wasinski
18%
Niels Oude Kamphuis
18%
Steven Skrzybski
18%
Sven Vermant
18%
William
18%
Younes Belhanda
18%
Andreas Vindheim
17%
Aymen Barkok
17%
Ciprian Deac
17%
Erik Jendrisek
17%
Jan Moravek
17%
Bernard Tekpetey
16%
Brandon Soppy
16%
Dong-Gyeong Lee
16%
Kilian Ludewig
16%
Leo Greiml
16%
Luca Schuler
16%
Marius Lode
16%
Sven Kmetsch
16%
Carlos Zambrano
14%
Ilyes Hamache
14%
Volkan Ünlü
14%
Christian Clemens
13%
Florent Mollet
13%
Mario Gavranovic
13%
Michael Gspurning
13%
Mimoun Azaouagh
13%
Pablo Insua
13%
Thomas Kläsener
13%
Dries Wouters
12%
Jeffrey Bruma
12%
Jere Uronen
12%
Kerim Calhanoglu
12%
Michael Delura
12%
Paul Pöpperl
12%
Tim Skarke
12%
Yusuf Kabadayi
12%
Anibal Matellan
11%
Levan Kenia
11%
Marc Rzatkowski
11%
Steven Van der Sloot
11%
Yaroslav Mikhailov
11%
Christofer Heimeroth
10%
Jonas Carls
10%
Rufat Dadashov
10%
Tidiane Toure
10%
Danilo Avelar
8%
Nicolas Plestan
8%
Sergio Pinto
8%
Vasilios Pliatsikas
8%
Alcides
7%
Benjamin Goller
7%
Tore Reginiussen
7%
Ünal Alpugan
7%
Frode Grodas
6%
Markus Happe
6%
Niklas Tauer
6%
Oliver Held
6%
Filip Trojan
5%
Jochen Seitz
5%
Mineiro
5%
Simon Cziommer
5%
Timothee Kolodziejczak
5%
Ayman Gulasi
4%
Bleron Krasniqi
4%
Christian Mikolajczak
4%
Jimmy Kaparos
4%
Marco Quotschalla
4%
Niklas Castelle
4%
Vasilios Pavlidis
4%
Abdul Iyodo
2%
Alexander Langlitz
2%
Andreas Ivan
2%
Christian Erwig
2%
Fabian Lamotte
2%
Kristijan Djordjevic
2%
Sladan Peric
2%
Timo Kunert
2%
Alban Sabah
1%
Andreas Wiegel
1%
Besart Ibraimi
1%
Joseph Laumann
1%
Lubos Hanzel
1%
Malik Talabidi
1%
Mario Klinger
1%
Markus Heppke
1%
Mikail Maden
1%
George Timotheou
0%
Keine übereinstimmenden Quizze gefunden
Verteilung der Resultate
Anzahl Personen mit jedem Resultat
Perzentil nach korrekt beantworteten Fragen
Ihre Resultats-Entwicklung
Sie haben dieses Quiz noch nicht gespielt